000 00382nam a2200157Ia 4500
008 240729s9999 xx 000 0 und d
022 _a2813-3463
245 0 _aGrasses
260 _aSwitzerland
260 _bMDPI AG
650 _a Plant culture
650 _aAgriculture
856 _uhttps://doaj.org/toc/eefd730a0b9d488bb5407aec2e76a90a
942 _2ddc
942 _cDOAJEJ
999 _c75091
_d75091
945 _a1
_bMadushi Gamage
_c1
_dMadushi Gamage